[Event "World Youth & Cadets Blitz Championships"]
[Site "Rhodes, Greece"]
[Date "2022.05.03"]
[Round "5.11"]
[White "Podolskyi, Mykhailo"]
[Black "Lavrencic, Matic"]
[Result "1-0"]
[TimeControl "5'/game & 2\"/move"]
[WhiteElo "1978"]
[BlackElo "2037"]

1. d4 {[%clk 00:05:02]} {[%emt 00:00:02]} Nf6 {[%clk 00:05:02]} {[%emt
00:00:03]} 2. c4 {[%clk 00:05:02]} {[%emt 00:00:02]} e6 {[%clk 00:05:03]}
{[%emt 00:00:01]} 3. Nf3 {[%clk 00:05:01]} {[%emt 00:00:03]} d5 {[%clk
00:05:03]} {[%emt 00:00:02]} 4. Nc3 {[%clk 00:04:58]} {[%emt 00:00:04]} c5
{[%clk 00:05:04]} {[%emt 00:00:02]} 5. cxd5 {[%clk 00:04:33]} {[%emt 00:00:27]}
Nxd5 {[%clk 00:05:04]} {[%emt 00:00:01]} 6. e4 {[%clk 00:03:47]} {[%emt
00:00:49]} Nxc3 {[%clk 00:05:05]} {[%emt 00:00:02]} 7. bxc3 {[%clk 00:03:48]}
{[%emt 00:00:01]} cxd4 {[%clk 00:05:05]} {[%emt 00:00:01]} 8. cxd4 {[%clk
00:03:48]} {[%emt 00:00:02]} Bb4+ {[%clk 00:05:06]} {[%emt 00:00:01]} 9. Bd2
{[%clk 00:03:45]} {[%emt 00:00:05]} Bxd2+ {[%clk 00:05:06]} {[%emt 00:00:02]}
10. Qxd2 {[%clk 00:03:45]} {[%emt 00:00:02]} O-O {[%clk 00:05:07]} {[%emt
00:00:01]} 11. Be2 {[%clk 00:03:41]} {[%emt 00:00:06]} b6 {[%clk 00:05:00]}
{[%emt 00:00:10]} 12. O-O {[%clk 00:03:34]} {[%emt 00:00:08]} Bb7 {[%clk
00:05:01]} {[%emt 00:00:02]} 13. Qe3 {[%clk 00:03:31]} {[%emt 00:00:05]} Nd7
{[%emt 00:00:20]} 14. Rac1 {[%clk 00:03:20]} Rc8 {[%clk 00:04:55]} {[%emt
00:00:01]} 15. Nd2 {[%clk 00:02:47]} {[%emt 00:00:35]} Rxc1 {[%clk 00:04:51]}
{[%emt 00:00:06]} 16. Rxc1 {[%clk 00:02:46]} {[%emt 00:00:03]} Qb8 {[%clk
00:04:52]} 17. f3 {[%clk 00:02:38]} {[%emt 00:00:10]} Rc8 {[%clk 00:04:52]}
{[%emt 00:00:02]} 18. Nb3 {[%clk 00:02:39]} {[%emt 00:00:01]} Rxc1+ {[%clk
00:04:32]} {[%emt 00:00:22]} 19. Qxc1 {[%clk 00:02:35]} {[%emt 00:00:06]} Qc8
{[%clk 00:04:13]} {[%emt 00:00:21]} 20. Qxc8+ {[%clk 00:02:26]} {[%emt
00:00:11]} Bxc8 {[%clk 00:04:14]} {[%emt 00:00:01]} 21. Kf2 {[%clk 00:02:27]}
{[%emt 00:00:01]} Kf8 {[%clk 00:04:14]} {[%emt 00:00:02]} 22. Ke3 {[%clk
00:02:22]} {[%emt 00:00:06]} Ke7 {[%clk 00:04:09]} {[%emt 00:00:08]} 23. h4
{[%clk 00:01:41]} {[%emt 00:00:43]} Nb8 {[%clk 00:04:10]} {[%emt 00:00:02]} 24.
d5 {[%clk 00:00:47]} {[%emt 00:00:56]} exd5 {[%clk 00:04:01]} {[%emt 00:00:10]}
25. exd5 {[%clk 00:00:47]} {[%emt 00:00:02]} Kd6 {[%emt 00:00:02]} 26. Kd4
{[%clk 00:00:47]} {[%emt 00:00:02]} Bb7 {[%clk 00:03:21]} {[%emt 00:00:42]} 27.
Bc4 {[%clk 00:00:37]} {[%emt 00:00:12]} Nd7 {[%clk 00:02:46]} {[%emt 00:00:38]}
28. Nd2 {[%clk 00:00:33]} {[%emt 00:00:06]} f5 {[%clk 00:01:51]} {[%emt
00:00:56]} 29. g4 {[%clk 00:00:27]} {[%emt 00:00:08]} fxg4 {[%clk 00:01:11]}
{[%emt 00:00:43]} 30. fxg4 {[%clk 00:00:27]} {[%emt 00:00:01]} Nf6 {[%clk
00:01:10]} {[%emt 00:00:03]} 31. g5 {[%clk 00:00:25]} {[%emt 00:00:04]} Nd7
{[%clk 00:00:46]} {[%emt 00:00:27]} 32. Ne4+ {[%clk 00:00:25]} {[%emt
00:00:01]} Ke7 {[%clk 00:00:47]} {[%emt 00:00:02]} 33. Bb5 {[%clk 00:00:19]}
{[%emt 00:00:08]} a6 {[%clk 00:00:40]} {[%emt 00:00:09]} 34. Bxd7 {[%clk
00:00:14]} {[%emt 00:00:07]} Kxd7 {[%clk 00:00:40]} {[%emt 00:00:02]} 35. Ke5
{[%clk 00:00:15]} a5 {[%clk 00:00:30]} {[%emt 00:00:13]} 36. h5 {[%clk
00:00:12]} {[%emt 00:00:04]} Ke7 {[%clk 00:00:17]} {[%emt 00:00:16]} 37. h6
{[%clk 00:00:08]} gxh6 38. gxh6 Kf7 {[%clk 00:00:15]} {[%emt 00:00:02]} 39. Nf6
{[%clk 00:00:04]} {[%emt 00:00:05]} b5 {[%clk 00:00:09]} {[%emt 00:00:08]} 40.
d6 {[%clk 00:00:04]} {[%emt 00:00:02]} Bc6 {[%clk 00:00:06]} {[%emt 00:00:05]}
41. Nxh7 {[%clk 00:00:04]} {[%emt 00:00:02]} Kg6 {[%clk 00:00:06]} {[%emt
00:00:02]} 42. Nf8+ {[%clk 00:00:05]} {[%emt 00:00:01]} Kxh6 {[%clk 00:00:07]}
{[%emt 00:00:01]} 43. d7 {[%clk 00:00:07]} {[%emt 00:00:01]} Bxd7 {[%clk
00:00:07]} {[%emt 00:00:02]} 44. Nxd7 {[%clk 00:00:07]} {[%emt 00:00:01]} Kg6
{[%emt 00:00:02]} 45. Kd4 {[%clk 00:00:08]} Kf7 {[%emt 00:00:03]} 46. Kc5
{[%clk 00:00:09]} Ke6 {[%emt 00:00:01]} 47. Nb6 {[%clk 00:00:10]} b4 {[%emt
00:00:03]} 48. Kb5 {[%clk 00:00:10]} Kd6 {[%clk 00:00:04]} {[%emt 00:00:06]} 49.
Nc4+ {[%clk 00:00:10]} {[%emt 00:00:03]} 1-0

[Event "World Youth & Cadets Blitz Championships"]
[Site "Rhodes, Greece"]
[Date "2022.05.03"]
[Round "5.12"]
[White "Toktomushev, Teimur"]
[Black "Garsky, Vladyslav"]
[Result "1-0"]
[TimeControl "5'/game & 2\"/move"]
[WhiteElo "1960"]
[BlackElo "1855"]

1. d4 {[%clk 00:05:03]} d5 {[%clk 00:05:04]} {[%emt 00:00:01]} 2. c4 {[%clk
00:05:04]} {[%emt 00:00:01]} dxc4 {[%clk 00:05:05]} {[%emt 00:00:01]} 3. e3
{[%clk 00:05:04]} {[%emt 00:00:01]} Nf6 {[%clk 00:05:06]} {[%emt 00:00:01]} 4.
Bxc4 {[%clk 00:05:05]} {[%emt 00:00:01]} a6 {[%clk 00:05:07]} {[%emt 00:00:01]}
5. Nc3 {[%clk 00:05:04]} {[%emt 00:00:03]} e6 {[%clk 00:05:06]} {[%emt
00:00:03]} 6. Nf3 {[%clk 00:05:03]} {[%emt 00:00:01]} b5 {[%clk 00:05:07]}
{[%emt 00:00:02]} 7. Bd3 {[%clk 00:04:29]} {[%emt 00:00:35]} Bb7 {[%clk
00:05:09]} {[%emt 00:00:02]} 8. O-O {[%clk 00:04:27]} {[%emt 00:00:03]} Be7
{[%clk 00:05:09]} {[%emt 00:00:02]} 9. e4 {[%clk 00:04:17]} {[%emt 00:00:12]}
Nbd7 {[%clk 00:05:06]} {[%emt 00:00:05]} 10. Qe2 {[%clk 00:03:41]} {[%emt
00:00:38]} c5 {[%clk 00:05:05]} {[%emt 00:00:04]} 11. d5 {[%clk 00:02:28]}
{[%emt 00:01:14]} exd5 {[%clk 00:04:36]} {[%emt 00:00:31]} 12. e5 {[%clk
00:02:23]} {[%emt 00:00:07]} Ne4 {[%clk 00:04:17]} {[%emt 00:00:22]} 13. Nxe4
{[%emt 00:00:19]} dxe4 {[%clk 00:04:17]} 14. Bxe4 {[%clk 00:02:08]} {[%emt
00:00:01]} Bxe4 {[%clk 00:04:18]} {[%emt 00:00:01]} 15. Qxe4 {[%clk 00:02:09]}
O-O {[%clk 00:04:08]} {[%emt 00:00:12]} 16. Rd1 {[%clk 00:01:38]} {[%emt
00:00:33]} Qc8 {[%clk 00:02:57]} {[%emt 00:01:13]} 17. Bg5 {[%clk 00:00:57]}
{[%emt 00:00:44]} Re8 {[%clk 00:01:52]} {[%emt 00:01:07]} 18. e6 {[%clk
00:00:36]} {[%emt 00:00:22]} Nf6 {[%clk 00:01:39]} {[%emt 00:00:16]} 19. exf7+
{[%clk 00:00:21]} {[%emt 00:00:17]} Kxf7 {[%clk 00:01:39]} {[%emt 00:00:01]} 20.
Bxf6 {[%clk 00:00:19]} {[%emt 00:00:04]} Bxf6 {[%clk 00:01:37]} {[%emt
00:00:04]} 21. Qxh7 {[%clk 00:00:20]} {[%emt 00:00:01]} Rd8 {[%clk 00:01:24]}
{[%emt 00:00:15]} 22. Re1 {[%clk 00:00:12]} {[%emt 00:00:11]} Rd5 {[%clk
00:01:19]} {[%emt 00:00:07]} 23. Qe4 {[%clk 00:00:08]} {[%emt 00:00:05]} Qd8
{[%clk 00:01:12]} {[%emt 00:00:09]} 24. h4 {[%clk 00:00:04]} {[%emt 00:00:06]}
Ra7 {[%clk 00:01:12]} {[%emt 00:00:02]} 25. Qg4 {[%clk 00:00:04]} {[%emt
00:00:03]} Qd7 {[%clk 00:01:07]} {[%emt 00:00:07]} 26. Qe4 {[%clk 00:00:03]}
{[%emt 00:00:02]} Qd8 {[%clk 00:00:50]} {[%emt 00:00:19]} 27. h5 {[%clk
00:00:04]} {[%emt 00:00:01]} Re7 {[%clk 00:00:49]} {[%emt 00:00:04]} 28. Qg6+
{[%clk 00:00:05]} Kf8 {[%clk 00:00:50]} 29. h6 {[%clk 00:00:05]} {[%emt
00:00:03]} Rxe1+ {[%clk 00:00:35]} {[%emt 00:00:16]} 30. Rxe1 {[%clk 00:00:06]}
gxh6 {[%clk 00:00:36]} {[%emt 00:00:01]} 31. Qxh6+ {[%clk 00:00:06]} {[%emt
00:00:02]} Bg7 {[%clk 00:00:37]} {[%emt 00:00:01]} 32. Qh7 {[%clk 00:00:05]}
{[%emt 00:00:03]} Rd1 {[%clk 00:00:35]} {[%emt 00:00:05]} 33. Qf5+ {[%clk
00:00:05]} {[%emt 00:00:01]} Kg8 {[%clk 00:00:36]} 34. Qe6+ {[%clk 00:00:06]}
{[%emt 00:00:01]} Kh8 {[%clk 00:00:34]} {[%emt 00:00:04]} 35. Qh3+ {[%clk
00:00:06]} {[%emt 00:00:03]} Kg8 {[%clk 00:00:35]} {[%emt 00:00:01]} 36. Qe6+
{[%clk 00:00:07]} Kh8 {[%clk 00:00:36]} 37. Rxd1 {[%clk 00:00:05]} {[%emt
00:00:05]} Qxd1+ {[%clk 00:00:37]} {[%emt 00:00:01]} 38. Kh2 {[%clk 00:00:06]}
Qc1 {[%clk 00:00:16]} {[%emt 00:00:23]} 39. Qc8+ {[%clk 00:00:07]} Kh7 {[%clk
00:00:17]} {[%emt 00:00:01]} 40. Qf5+ {[%clk 00:00:08]} {[%emt 00:00:01]} Kh8
{[%clk 00:00:18]} 41. Ng5 {[%clk 00:00:07]} {[%emt 00:00:03]} Kg8 {[%clk
00:00:15]} {[%emt 00:00:05]} 42. Qf7+ {[%clk 00:00:08]} {[%emt 00:00:02]} Kh8
{[%clk 00:00:16]} {[%emt 00:00:01]} 43. Qe8+ {[%clk 00:00:08]} {[%emt
00:00:01]} 1-0

[Event "World Youth & Cadets Blitz Championships"]
[Site "Rhodes, Greece"]
[Date "2022.05.03"]
[Round "5.13"]
[White "Kuru, Atilla"]
[Black "Begmuratov, Khumoyun"]
[Result "1-0"]
[TimeControl "5'/game & 2\"/move"]
[WhiteElo "2023"]
[BlackElo "1961"]

1. e4 {[%clk 00:05:02]} e5 {[%clk 00:05:01]} {[%emt 00:00:05]} 2. f4 {[%clk
00:05:03]} {[%emt 00:00:01]} Nc6 {[%clk 00:04:57]} {[%emt 00:00:05]} 3. Nf3
{[%clk 00:05:03]} {[%emt 00:00:02]} d6 {[%clk 00:04:59]} {[%emt 00:00:01]} 4.
Bc4 {[%clk 00:05:03]} {[%emt 00:00:01]} exf4 {[%clk 00:04:52]} {[%emt
00:00:09]} 5. O-O {[%clk 00:05:02]} {[%emt 00:00:03]} Be7 {[%clk 00:04:49]}
{[%emt 00:00:05]} 6. d4 {[%clk 00:05:02]} {[%emt 00:00:02]} Nf6 {[%clk
00:04:50]} 7. Nc3 {[%clk 00:05:01]} {[%emt 00:00:04]} O-O {[%clk 00:04:46]} 8.
Bxf4 {[%clk 00:05:01]} {[%emt 00:00:08]} Nxe4 {[%clk 00:03:53]} 9. Nxe4 {[%clk
00:05:01]} {[%emt 00:00:58]} d5 {[%clk 00:03:55]} 10. Bd3 {[%clk 00:04:46]}
{[%emt 00:00:17]} dxe4 {[%clk 00:03:55]} {[%emt 00:00:01]} 11. Bxe4 {[%clk
00:04:46]} {[%emt 00:00:02]} Bf6 {[%clk 00:03:56]} {[%emt 00:00:02]} 12. c3
{[%clk 00:04:46]} {[%emt 00:00:01]} Ne7 {[%clk 00:03:52]} {[%emt 00:00:05]} 13.
Be5 {[%clk 00:04:31]} {[%emt 00:00:18]} Ng6 {[%clk 00:03:15]} {[%emt 00:00:39]}
14. Bxf6 {[%clk 00:04:29]} {[%emt 00:00:04]} Qxf6 {[%clk 00:03:16]} {[%emt
00:00:01]} 15. Qb3 {[%clk 00:04:10]} {[%emt 00:00:22]} Qb6 {[%clk 00:02:52]}
{[%emt 00:00:26]} 16. Ng5 {[%clk 00:03:41]} {[%emt 00:00:31]} Qxb3 {[%clk
00:02:29]} {[%emt 00:00:24]} 17. axb3 {[%clk 00:03:42]} c6 {[%clk 00:02:30]}
{[%emt 00:00:02]} 18. d5 {[%clk 00:03:31]} {[%emt 00:00:13]} f5 {[%clk
00:01:54]} {[%emt 00:00:38]} 19. Bf3 {[%clk 00:03:13]} {[%emt 00:00:19]} Ne5
{[%clk 00:01:50]} {[%emt 00:00:06]} 20. dxc6 {[%clk 00:03:06]} {[%emt
00:00:09]} bxc6 {[%clk 00:01:43]} {[%emt 00:00:09]} 21. Be2 {[%clk 00:03:02]}
{[%emt 00:00:07]} a5 {[%clk 00:01:20]} {[%emt 00:00:25]} 22. b4 {[%clk
00:02:53]} {[%emt 00:00:10]} a4 {[%clk 00:01:02]} {[%emt 00:00:20]} 23. Rfe1
{[%clk 00:02:33]} {[%emt 00:00:22]} Bd7 {[%clk 00:00:32]} {[%emt 00:00:32]} 24.
Bd1 {[%clk 00:02:16]} {[%emt 00:00:20]} Nd3 {[%clk 00:00:29]} {[%emt 00:00:05]}
25. Re7 {[%clk 00:02:16]} Rae8 {[%clk 00:00:17]} {[%emt 00:00:14]} 26. Rxe8
{[%clk 00:02:02]} {[%emt 00:00:16]} Rxe8 {[%clk 00:00:19]} {[%emt 00:00:01]} 27.
Bxa4 {[%clk 00:02:00]} {[%emt 00:00:04]} h6 {[%clk 00:00:07]} {[%emt 00:00:14]}
28. Bb3+ {[%clk 00:02:01]} Kf8 {[%clk 00:00:06]} {[%emt 00:00:03]} 29. Nf3
{[%clk 00:01:54]} {[%emt 00:00:08]} Ke7 {[%clk 00:00:05]} {[%emt 00:00:04]} 30.
Rd1 {[%clk 00:01:51]} {[%emt 00:00:04]} Nf4 {[%clk 00:00:05]} {[%emt 00:00:02]}
31. Ne5 {[%clk 00:01:47]} {[%emt 00:00:07]} Be6 {[%clk 00:00:04]} {[%emt
00:00:03]} 32. Nxc6+ {[%clk 00:01:43]} {[%emt 00:00:06]} Kf6 {[%clk 00:00:04]}
{[%emt 00:00:01]} 33. Bxe6 {[%clk 00:01:36]} {[%emt 00:00:09]} Rxe6 {[%clk
00:00:05]} 34. Nd4 {[%clk 00:01:37]} {[%emt 00:00:01]} Rd6 {[%clk 00:00:05]}
{[%emt 00:00:02]} 35. Kf2 {[%clk 00:01:35]} {[%emt 00:00:03]} g5 {[%clk
00:00:04]} {[%emt 00:00:04]} 36. g3 {[%clk 00:01:33]} {[%emt 00:00:04]} Ng6
{[%clk 00:00:04]} {[%emt 00:00:03]} 37. b5 {[%clk 00:01:25]} {[%emt 00:00:10]}
f4 {[%clk 00:00:05]} {[%emt 00:00:01]} 38. c4 {[%clk 00:01:21]} {[%emt
00:00:06]} Ne5 {[%clk 00:00:03]} {[%emt 00:00:03]} 39. b3 {[%clk 00:01:15]}
{[%emt 00:00:08]} Ng4+ {[%clk 00:00:04]} 40. Kg1 {[%clk 00:01:15]} {[%emt
00:00:02]} Ne3 {[%clk 00:00:06]} 41. Rd2 {[%clk 00:01:13]} {[%emt 00:00:03]} g4
{[%clk 00:00:04]} {[%emt 00:00:04]} 42. c5 {[%clk 00:01:03]} {[%emt 00:00:12]}
Rd5 {[%clk 00:00:05]} {[%emt 00:00:02]} 43. b4 {[%clk 00:00:59]} {[%emt
00:00:06]} f3 {[%clk 00:00:04]} {[%emt 00:00:03]} 44. h3 {[%clk 00:00:47]}
{[%emt 00:00:13]} Nf5 {[%clk 00:00:05]} 45. Nxf3 {[%clk 00:00:45]} {[%emt
00:00:04]} Rxd2 {[%clk 00:00:03]} {[%emt 00:00:04]} 46. Nxd2 {[%emt 00:00:03]}
gxh3 {[%clk 00:00:03]} 47. Kh2 {[%clk 00:00:45]} {[%emt 00:00:02]} Ne3 {[%clk
00:00:03]} {[%emt 00:00:02]} 48. b6 {[%clk 00:00:44]} {[%emt 00:00:03]} Kg5
{[%clk 00:00:05]} 49. b7 {[%clk 00:00:40]} {[%emt 00:00:05]} Ng4+ {[%clk
00:00:07]} 50. Kxh3 {[%clk 00:00:40]} {[%emt 00:00:02]} Nf2+ {[%clk 00:00:08]}
51. Kg2 {[%clk 00:00:41]} {[%emt 00:00:02]} Nd3 {[%emt 00:00:01]} 52. b8=Q
{[%emt 00:00:03]} Ne1+ {[%clk 00:00:11]} 53. Kf1 {[%clk 00:00:40]} {[%emt
00:00:02]} Nd3 {[%clk 00:00:12]} 54. Qg8+ {[%clk 00:00:39]} {[%emt 00:00:03]}
Kf6 {[%clk 00:00:13]} 55. Qd5 {[%clk 00:00:38]} {[%emt 00:00:03]} Nc1 {[%clk
00:00:13]} {[%emt 00:00:02]} 56. Ne4+ {[%clk 00:00:38]} {[%emt 00:00:01]} Kg6
{[%clk 00:00:14]} {[%emt 00:00:01]} 57. Qe6+ {[%clk 00:00:38]} {[%emt
00:00:03]} Kg7 {[%clk 00:00:15]} {[%emt 00:00:01]} 58. Qf6+ {[%clk 00:00:38]}
{[%emt 00:00:01]} Kg8 {[%clk 00:00:17]} 59. Nd6 {[%clk 00:00:37]} {[%emt
00:00:04]} Nd3 {[%clk 00:00:18]} {[%emt 00:00:01]} 60. Qg6+ {[%clk 00:00:38]}
{[%emt 00:00:01]} Kf8 {[%clk 00:00:19]} 61. Qf7# {[%clk 00:00:39]} 1-0

[Event "World Youth & Cadets Blitz Championships"]
[Site "Rhodes, Greece"]
[Date "2022.05.03"]
[Round "5.14"]
[White "Mamedov, Edgar"]
[Black "Dotzer, Lukas"]
[Result "1/2-1/2"]
[TimeControl "5'/game & 2\"/move"]
[WhiteElo "2027"]
[BlackElo "2026"]

1. c4 {[%clk 00:05:03]} Nf6 {[%clk 00:05:03]} {[%emt 00:00:02]} 2. Nc3 {[%clk
00:05:02]} {[%emt 00:00:04]} g6 {[%clk 00:05:02]} {[%emt 00:00:03]} 3. g3
{[%clk 00:05:03]} Bg7 {[%clk 00:05:02]} {[%emt 00:00:01]} 4. Bg2 {[%clk
00:05:04]} {[%emt 00:00:01]} O-O {[%clk 00:05:00]} {[%emt 00:00:04]} 5. Nf3
{[%clk 00:05:04]} {[%emt 00:00:01]} d6 {[%clk 00:04:59]} {[%emt 00:00:04]} 6.
O-O {[%clk 00:05:03]} {[%emt 00:00:02]} e5 {[%clk 00:04:59]} {[%emt 00:00:02]}
7. d3 {[%clk 00:05:04]} Nc6 {[%clk 00:04:58]} 8. a3 {[%clk 00:05:05]} {[%emt
00:00:05]} a5 {[%clk 00:04:58]} 9. Rb1 {[%clk 00:05:02]} {[%emt 00:00:06]} a4
{[%clk 00:04:49]} 10. Bg5 {[%clk 00:04:53]} {[%emt 00:00:22]} Bd7 {[%clk
00:04:35]} 11. Nxa4 {[%clk 00:04:46]} {[%emt 00:00:25]} h6 {[%clk 00:04:23]} 12.
Be3 {[%clk 00:04:17]} {[%emt 00:00:45]} e4 {[%clk 00:04:08]} 13. Nd2 {[%clk
00:04:00]} {[%emt 00:00:36]} exd3 {[%clk 00:04:04]} 14. exd3 {[%clk 00:04:00]}
{[%emt 00:00:07]} Ne5 {[%clk 00:03:57]} {[%emt 00:00:10]} 15. Nc3 {[%clk
00:03:58]} {[%emt 00:00:04]} Nxd3 {[%emt 00:00:07]} 16. Nde4 {[%clk 00:03:53]}
{[%emt 00:00:06]} Nxe4 {[%emt 00:00:33]} 17. Bxe4 {[%clk 00:03:43]} {[%emt
00:00:04]} Ne5 {[%emt 00:00:31]} 18. Bxb7 {[%clk 00:03:27]} {[%emt 00:00:17]}
Rb8 {[%clk 00:02:44]} {[%emt 00:00:20]} 19. Bd5 {[%clk 00:03:18]} {[%emt
00:00:11]} c6 {[%clk 00:02:44]} {[%emt 00:00:02]} 20. Bg2 {[%clk 00:03:06]}
{[%emt 00:00:14]} Nxc4 {[%clk 00:02:38]} 21. Bf4 {[%clk 00:02:46]} {[%emt
00:00:30]} Bf5 {[%clk 00:02:15]} 22. Be4 {[%clk 00:02:41]} {[%emt 00:00:32]}
Bxe4 {[%clk 00:01:35]} 23. Nxe4 {[%clk 00:02:41]} {[%emt 00:00:43]} Rxb2 {[%clk
00:01:26]} 24. Rxb2 {[%clk 00:02:24]} {[%emt 00:00:31]} Nxb2 {[%clk 00:01:26]}
{[%emt 00:00:02]} 25. Qxd6 {[%clk 00:02:10]} {[%emt 00:00:16]} Qxd6 {[%clk
00:01:03]} {[%emt 00:00:25]} 26. Bxd6 {[%clk 00:02:10]} {[%emt 00:00:02]} Ra8
{[%clk 00:00:32]} {[%emt 00:00:32]} 27. Rc1 {[%clk 00:01:57]} {[%emt 00:00:16]}
Ra4 {[%clk 00:00:19]} {[%emt 00:00:15]} 28. f3 {[%clk 00:01:45]} {[%emt
00:00:14]} f5 {[%clk 00:00:12]} {[%emt 00:00:09]} 29. Nf2 {[%clk 00:01:42]}
{[%emt 00:00:05]} 1/2-1/2

[Event "World Youth & Cadets Blitz Championships"]
[Site "Rhodes, Greece"]
[Date "2022.05.03"]
[Round "5.15"]
[White "Migalko, Dmitriy"]
[Black "Niezhentsev, Kyrylo"]
[Result "0-1"]
[TimeControl "5'/game & 2\"/move"]
[WhiteElo "1513"]
[BlackElo "2060"]

1. e4 {[%clk 00:05:02]} {[%emt 00:00:01]} c5 {[%clk 00:05:03]} {[%emt
00:00:01]} 2. d4 {[%clk 00:05:03]} {[%emt 00:00:01]} cxd4 {[%clk 00:05:04]}
{[%emt 00:00:01]} 3. c3 {[%clk 00:05:04]} dxc3 {[%clk 00:05:05]} {[%emt
00:00:01]} 4. Nxc3 {[%clk 00:05:05]} {[%emt 00:00:02]} Nc6 {[%clk 00:05:06]}
{[%emt 00:00:01]} 5. Bc4 {[%clk 00:05:04]} {[%emt 00:00:02]} e6 {[%clk
00:05:07]} {[%emt 00:00:02]} 6. Nf3 {[%clk 00:05:02]} {[%emt 00:00:03]} d6
{[%clk 00:05:08]} {[%emt 00:00:02]} 7. Bf4 {[%clk 00:04:59]} {[%emt 00:00:05]}
Nf6 {[%clk 00:04:26]} {[%emt 00:00:44]} 8. O-O {[%clk 00:04:58]} {[%emt
00:00:03]} Be7 {[%clk 00:04:26]} 9. Qe2 {[%clk 00:04:59]} {[%emt 00:00:01]} e5
{[%clk 00:04:24]} {[%emt 00:00:04]} 10. Bg5 {[%clk 00:04:52]} {[%emt 00:00:09]}
Bg4 {[%clk 00:04:19]} {[%emt 00:00:08]} 11. Qe3 {[%clk 00:04:12]} {[%emt
00:00:41]} O-O {[%clk 00:04:11]} {[%emt 00:00:11]} 12. Rfd1 {[%clk 00:04:05]}
{[%emt 00:00:09]} Nd4 {[%clk 00:02:50]} {[%emt 00:01:23]} 13. Rac1 {[%clk
00:03:03]} {[%emt 00:01:04]} Bxf3 {[%clk 00:01:34]} {[%emt 00:01:18]} 14. gxf3
{[%clk 00:03:03]} {[%emt 00:00:01]} Ng4 {[%clk 00:00:51]} {[%emt 00:00:46]} 15.
Bxe7 {[%clk 00:01:33]} {[%emt 00:01:32]} Nxe3 {[%clk 00:00:51]} {[%emt
00:00:02]} 16. Bxd8 {[%clk 00:01:33]} {[%emt 00:00:02]} Nxf3+ {[%clk 00:00:47]}
{[%emt 00:00:06]} 17. Kh1 {[%clk 00:01:29]} {[%emt 00:00:05]} Nxd1 {[%clk
00:00:47]} {[%emt 00:00:03]} 18. Be7 {[%clk 00:01:05]} {[%emt 00:00:26]} Rfe8
{[%clk 00:00:46]} {[%emt 00:00:03]} 19. Rxd1 {[%clk 00:01:05]} {[%emt
00:00:02]} Rxe7 {[%clk 00:00:46]} {[%emt 00:00:01]} 20. Rxd6 {[%clk 00:01:03]}
{[%emt 00:00:04]} Rc8 {[%clk 00:00:21]} {[%emt 00:00:26]} 21. Bb5 {[%clk
00:00:32]} {[%emt 00:00:34]} Re6 {[%clk 00:00:06]} {[%emt 00:00:18]} 22. Rd3
{[%clk 00:00:34]} {[%emt 00:00:01]} Nd4 {[%clk 00:00:04]} {[%emt 00:00:02]} 23.
Bd7 {[%emt 00:00:03]} Rcc6 {[%clk 00:00:04]} {[%emt 00:00:02]} 24. Bxe6 {[%clk
00:00:35]} Rxe6 {[%clk 00:00:04]} {[%emt 00:00:01]} 25. Nb5 {[%clk 00:00:33]}
{[%emt 00:00:04]} Kf8 {[%clk 00:00:03]} {[%emt 00:00:03]} 26. Nxd4 {[%clk
00:00:31]} {[%emt 00:00:04]} Rd6 {[%clk 00:00:04]} {[%emt 00:00:01]} 27. Ra3
{[%clk 00:00:26]} {[%emt 00:00:08]} exd4 {[%clk 00:00:05]} {[%emt 00:00:01]} 28.
Rxa7 {[%clk 00:00:26]} {[%emt 00:00:01]} d3 {[%clk 00:00:06]} {[%emt 00:00:02]}
29. e5 {[%clk 00:00:09]} {[%emt 00:00:18]} d2 {[%clk 00:00:06]} {[%emt
00:00:03]} 30. Ra8+ {[%clk 00:00:08]} {[%emt 00:00:03]} Ke7 {[%clk 00:00:07]}
31. exd6+ {[%clk 00:00:09]} {[%emt 00:00:01]} Kd7 {[%clk 00:00:08]} 32. Kg2
{[%clk 00:00:05]} {[%emt 00:00:06]} d1=Q {[%emt 00:00:02]} 33. Ra7 {[%clk
00:00:04]} {[%emt 00:00:02]} Kxd6 {[%clk 00:00:09]} {[%emt 00:00:03]} 34. Ra3
{[%clk 00:00:05]} Qd5+ {[%clk 00:00:09]} {[%emt 00:00:02]} 35. Kg1 {[%clk
00:00:06]} Qg5+ {[%clk 00:00:08]} {[%emt 00:00:03]} 36. Kf1 {[%clk 00:00:07]}
{[%emt 00:00:01]} Qc1+ {[%clk 00:00:09]} 37. Kg2 {[%clk 00:00:08]} {[%emt
00:00:02]} Qxb2 {[%clk 00:00:08]} {[%emt 00:00:03]} 38. Rd3+ {[%clk 00:00:09]}
{[%emt 00:00:01]} Ke7 {[%clk 00:00:07]} {[%emt 00:00:02]} 39. Re3+ {[%clk
00:00:10]} {[%emt 00:00:02]} Kf8 {[%clk 00:00:07]} 40. Kf3 {[%clk 00:00:11]}
{[%emt 00:00:02]} Qxa2 {[%clk 00:00:08]} {[%emt 00:00:01]} 41. h4 {[%clk
00:00:12]} b5 {[%clk 00:00:09]} 42. Ke4 {[%clk 00:00:12]} {[%emt 00:00:01]} b4
{[%clk 00:00:09]} {[%emt 00:00:02]} 43. Kd3 {[%clk 00:00:12]} {[%emt 00:00:02]}
b3 {[%clk 00:00:09]} {[%emt 00:00:02]} 44. Kd4 {[%clk 00:00:04]} {[%emt
00:00:11]} b2 {[%clk 00:00:08]} {[%emt 00:00:03]} 45. Rc3 {[%clk 00:00:05]}
{[%emt 00:00:01]} Qa4+ {[%clk 00:00:06]} {[%emt 00:00:04]} 46. Kd5 {[%clk
00:00:06]} {[%emt 00:00:01]} Qa5+ {[%clk 00:00:07]} 47. Kd4 {[%clk 00:00:06]}
{[%emt 00:00:02]} Qxc3+ {[%clk 00:00:07]} {[%emt 00:00:01]} 48. Kxc3 {[%clk
00:00:07]} b1=Q {[%emt 00:00:03]} 49. Kd4 {[%clk 00:00:08]} Ke7 {[%clk
00:00:08]} {[%emt 00:00:02]} 50. Ke5 {[%clk 00:00:09]} Qb4 {[%clk 00:00:07]}
{[%emt 00:00:02]} 51. Kd5 {[%clk 00:00:10]} {[%emt 00:00:02]} Qd6+ {[%clk
00:00:08]} {[%emt 00:00:01]} 52. Ke4 {[%clk 00:00:11]} {[%emt 00:00:01]} Qc5
{[%clk 00:00:09]} {[%emt 00:00:01]} 53. Kf4 {[%clk 00:00:12]} Kf6 {[%clk
00:00:10]} {[%emt 00:00:01]} 54. h5 {[%clk 00:00:13]} {[%emt 00:00:01]} Qd4+
{[%clk 00:00:11]} {[%emt 00:00:01]} 55. Kg3 {[%clk 00:00:14]} {[%emt 00:00:01]}
Kg5 {[%clk 00:00:12]} 56. f4+ {[%clk 00:00:15]} Qxf4+ {[%clk 00:00:13]} {[%emt
00:00:02]} 57. Kh3 {[%clk 00:00:17]} Qg4+ {[%clk 00:00:11]} {[%emt 00:00:04]}
58. Kh2 {[%clk 00:00:18]} Kf4 {[%clk 00:00:12]} 59. Kh1 {[%clk 00:00:19]} Kf3
{[%clk 00:00:14]} 60. Kh2 {[%clk 00:00:20]} {[%emt 00:00:01]} Qg2+ {[%emt
00:00:04]} 0-1